|
|
|
|
| LEADER |
03488nam a22004097a 4500 |
| 001 |
39609 |
| 003 |
BD-DhAAL |
| 008 |
220919t2013\\\\nyuabd\\ob\\\\001\0\eng\d |
| 999 |
|
|
|c 43955
|d 43955
|
| 020 |
|
|
|a 9781138833265 (pbk)
|
| 020 |
|
|
|a 9780415626897 (hbk)
|
| 040 |
|
|
|a DLC
|c DLC
|d DLC
|d BD-DhAAL
|
| 042 |
|
|
|a pcc
|
| 050 |
0 |
0 |
|a HV553
|b .K37 2012
|
| 082 |
0 |
0 |
|a 363.34
|2 23
|
| 245 |
1 |
0 |
|a Disaster resiliency :
|b interdisciplinary perspectives /
|c edited by Naim Kapucu, Christopher V. Hawkins, Fernando I. Rivera.
|
| 250 |
|
|
|a First edition
|
| 260 |
|
|
|a New York, NY :
|b Routledge,
|c 2013.
|
| 300 |
|
|
|a xxii, 413 pages :
|b illustrations ;
|c 23 cm.
|
| 490 |
0 |
|
|a Routledge research in public administration and public policy ;
|v 4
|
| 504 |
|
|
|a Includes bibliographical references (pages [363]-402).
|
| 505 |
0 |
|
|a Foreword -- Preface -- Disaster resiliency : interdisciplinary perspectives -- Introduction to conceptual insights and applications of resilience -- All hazards, whole community : creating resiliency -- Sociological insights on the role of social capital in disaster resilience -- Understanding hurricane vulnerability : Florida mobile home parks -- Building collaborative capacity for disaster resiliency -- Resilient rural communities: housing recovery patterns following hurricane Katrina -- Taking action in uncertain environments : connecting resilience to hazards -- Public risks and disaster resilience : rethinking public and private sector roles -- Networks, collaborative planning, and perceived quality of comprehensive plans -- Examining environmental factors contributing to community resilience along the Gulf of Mexico coast -- Resilience planning in the face of uncertainty : adapting to climate change effects on coastal hazards -- Incorporating resilience of rural communities for pro-active risk reduction in Shikoku, Japan -- Improving community resilience through networks -- The role of responder networks in promoting community resilience : toward a measurement framework of network capacity -- Coping with catastrophe : "black swan" in northeastern Japan, March 11, 2011 -- Enhancing community resilience : a matter of multi-level framework, mixed methods, and multi-sectoral tools -- Management capacity and rural community resilience -- Inter-organizational coordination : analysis of 2011 van earthquake -- Community capacity and interorganizational networks for disaster resilience : comparison of rural and urban counties -- (Conclusion): emerging research in disaster resiliency and sustainability : implications for policy and practice -- Bibliography -- Appendices -- List of contributors.
|
| 526 |
|
|
|a PPDM, ARC
|
| 541 |
|
|
|a Book Finder International
|e 39609
|
| 650 |
|
0 |
|a Disasters
|x Social aspects.
|9 44508
|
| 650 |
|
0 |
|a Community organization.
|9 44509
|
| 650 |
|
0 |
|a Preparedness.
|9 44510
|
| 650 |
|
0 |
|a Resilience (Personality trait).
|9 44511
|
| 650 |
|
0 |
|a Emergency management.
|9 44512
|
| 650 |
|
0 |
|a Social problems and services.
|9 51334
|
| 700 |
1 |
|
|a Kapucu, Naim.
|9 44507
|
| 700 |
1 |
|
|a Hawkins, Christopher V.
|q (Christopher Vincent)
|9 44514
|
| 700 |
1 |
|
|a Rivera, Fernando I.
|9 44515
|
| 830 |
|
|
|a Routledge research in public administration and public policy ;
|v 4
|9 44520
|
| 852 |
|
|
|a Ayesha Abed Library
|c General Stacks
|
| 942 |
|
|
|2 ddc
|c BK
|
| 952 |
|
|
|0 0
|1 0
|2 ddc
|4 0
|6 363_340000000000000_DIS
|7 0
|9 71782
|a BRACUL
|b BRACUL
|c GEN
|d 2022-09-06
|e Book Finder International
|g 2769.16
|l 0
|o 363.34 DIS
|p 3010039609
|r 2022-09-06
|t 1
|v 2769.16
|w 2022-09-06
|y BK
|